000 00615nam a2200205Ia 4500
003 IN-BaIIA
008 211028s9999 xx 000 0 eng d
020 _a0-19-511694-1
040 _cIIA Library
080 _a523
_bLOD
100 _aLodders, Katharina
_922533
245 4 _aThe planetary scientist's companion
_cKatharina Lodders and B. Fegley
260 _aNew York
_bOxford University Press
_c1998
300 _axvii, 371p.
650 _aManual
_95458
650 _aPlanetary system
_9756
650 _aPlanets
_9971
700 _aFegley, B
_922534
942 _cBK
999 _c12847
_d12847